000 00625nam a2200145Ia 4500
001 1381
008 241024s9999 xx 000 0 und d
082 _aRD/370.71/G892a/2008 LIBRO NO ESTA
100 _aRepública Dominicana.Grupo Gestión Moderna, Gestar Estado,Sociedad y Políticas Públicas
245 0 _aAsistencia técnica de apoyo a la Secretaría de Estado de Educación de la República Dominicana en la Creación y puesta en marcha de un sistema nacional de Evaluación e Investigación de la Calidad Educativa
260 _bSanto Domingo
_c2008
590 _asi
901 _a29/3/2011 3:28:52 p.m.
999 _c9232
_d9232